50 acteurs de harry potter - Statistiques

Statistiques générales
  • Ce quiz a été pris 252 fois
  • Le résultat moyen est 25 sur 50
Statistiques - réponses
Personnages Reponse % Correct
Hermione Granger Emma Watson
99%
Ron Weasley Rupert Grint
99%
Harry potter Daniel Radcliffe
98%
Drago Malefoy Tom Felton
97%
Severus Rogue Alan Rickman
90%
Narcissa Malefoy Helen McCrory
88%
Bellatrix lestrange Helena Bonham Carter
86%
Cedric Diggory Robert Pattinson
85%
Minerva McGonagall Maggie Smith
81%
Ginny Weasley Bonnie Wright
80%
Voldemort Ralph Fiennes
76%
Sirius black Gary Oldman
74%
Neville Londubat Matthew Lewis
74%
Luna Lovegood Evanna Lynch
72%
Rubeus Hagrid Robbie Coltrane
72%
Albus Dumbledore 2 Michael Gambon
71%
Albus Dumbledore 1 Richard Harris
66%
George Weasley Oliver Phelps
65%
Fred Weasley James Phelps
63%
Fleur Delacour Clémence Poésy
61%
Argus rusard David Bradley
58%
Remus Lupin David Thewlis
58%
Sibylle trelawney Emma Thompson
56%
Lucius Malefoy Jason Isaacs
56%
Molly Weasley Julie Walters
48%
Dolores ombrage Imelda Stauton
42%
Dudley Dursley Harry Melling
41%
Nymphadora tonks Natalia Tena
40%
Filius Flitwick Warwick Davis
39%
Arthur Weasley Mark Williams
37%
Gilderoy lockhart Kenneth Branagh
36%
Cho chang Katie Leung
35%
Peter pettigrow Timothy Spall
33%
Seamus Finnigan Devon Murray
30%
Dean Thomas Alfred Enoch
28%
Vernon Dursley Richard Griffiths
27%
Petunia Dursley Fiona Shaw
24%
Horace Slughorn Jim Broadbent
24%
Olympe maxime Frances de la Tour
23%
Viktor krum Stanislav Lanevski
17%
Percy Weasley Chris Rankin
16%
Pomona chourave Miriam Margolyes,
16%
Gregory Goyle Joshua Herdman
15%
Dobby Toby Jones
15%
Kingsley Shaklebolt George Harris
14%
Viencent Crabbe Jamie Waylett
14%
Fenrir greyback Dave Legeno
13%
Rita skeeter Miranda Richardson
13%
Alastor Maugrey Brendan Gleeson
10%
Mondingus fletcher Andy Linden
7%
Aucun quiz correspondant
Distribution des résultats
% des personnes avec chaque résultat
Percentile par nombre de réponses
Votre historique - résultats
Vous n’avez pas pris ce quiz